| 000 | 00646cam a22002052 4500 | ||
|---|---|---|---|
| 001 | 0000001917 | ||
| 005 | 20151217155814.0 | ||
| 008 | 070329s xx 000 0 eng d | ||
| 020 | _a097267014 : | ||
| 040 |
_aKABU _cKABU |
||
| 050 | 0 |
_aHD69 _b.P75W35 |
|
| 100 | 1 |
_aWaithera, Jane. _@0000151012 |
|
| 245 | 1 | 0 | _aOrganizational communication and project management in uhuru and NARC's 100 days. |
| 260 |
_aFalls Church, VA : _bAbinta Marketing & Communication, _c2004. |
||
| 300 | _axviii, 231 p. | ||
| 650 | 0 |
_aProject management. _@0000148291 |
|
| 908 | _a070329 | ||
| 950 | _@1 | ||
| 999 |
_c12668 _d12668 |
||